Cartas a mis hijas : (Registro nro. 33814)
[ vista simple ]
| 000 -CABECERA | |
|---|---|
| Longitud fija campo de control | 00852nam a2200253 c 4500 |
| 003 - • IDENTIFICADOR DELl NÚMERO DE CONTROL | |
| Identificador del número de control | CO-ViMGA |
| 005 - • FECHA Y HORA DE LA ÚLTIMA TRANSACCIÓN | |
| Fecha y hora de la última transacción | 20230915232212.0 |
| 008 - • CÓDIGOS DE INFORMACIÓN DE LONGITUD FIJA | |
| Códigos de información de longitud fija | 130909s2013 sp a | |||| 000 0dspa |
| 020 ## - • NÚMERO INTERNACIONAL NORMALIZADO PARA LIBROS | |
| Número Internacional Normalizado para Libros (ISBN) | 9789587586343 |
| 040 ## - FUENTE DE LA CATALOGACIÓN | |
| Centro catalogador de origen | CO-ViMGA |
| Lengua de catalogación | spa |
| Centro transcriptor | CO-ViMGA |
| 041 1# - • CÓDIGO DE LENGUA | |
| Código de lengua original | eng |
| 082 04 - • NÚMERO DE LA CLASIFICACIÓN DECIMAL DEWEY | |
| Número de clasificación (R) | 891.593 |
| Número del ítem | K66c |
| 100 1# - • PUNTO DE ACCESO PRINCIPAL-NOMBRE DE PERSONA | |
| Nombre de persona | Koofi, Fawzia |
| 240 10 - • TÍTULO UNIFORME | |
| Título uniforme | <a href="Letters to my daughters">Letters to my daughters</a> |
| 245 10 - • TITULO PROPIAMENTE DICHO | |
| Título | Cartas a mis hijas : |
| Resto del título | la historia de la parlamentaria afgana que ha desafiado a los talibanes |
| Mención de responsabilidad, etc. | Fawzia Koofi, con la colaboración de Nadene Gourhi ; [traducción, Jorge Salvetti] |
| 250 ## - • MENCIÓN DE EDICIÓN | |
| Mención de edición | 1® ed. |
| 300 ## - • DESCRIPCIÓN FÍSICA | |
| Extensión | 338 p., [8] p. de lam. col. |
| Dimensiones | 21 cm |
| 490 0# - • MENCIÓN DE SERIE | |
| Mención de serie | Cuadernos de memoria |
| 600 17 - • PUNTO DE ACCESO ADICIONAL DE MATERIA - NOMBRE DE PERSONA | |
| Nombre de persona | Koofi, Fawzia |
| 651 #7 - • PUNTO DE ACCESO ADICIONAL DE MATERIA - NOMBRE GEOGRÁFICO | |
| Nombre geográfico | Afganistán |
| Subdivisión de materia general | Situación social |
| 942 ## - ENTRADA DE ELEMENTOS AGREGADOS (KOHA) | |
| Fuente de clasificaión o esquema | Dewey Decimal Classification |
| Koha [por defecto] tipo de item | LIbro |
| Perdido | Fuente de clasificación o esquema | Estado Físico | No para préstamo | Forma de adquisición | Localización permanente | Localización actual | Fecha adquisición | Préstamos totales | Signatura completa | Código de barras | Fecha última consulta | Número de copia | Fecha del precio de reemplazo | Tipo de item de Koha |
|---|---|---|---|---|---|---|---|---|---|---|---|---|---|---|
| Dewey Decimal Classification | Sala General Segundo Piso | Biblioteca Pública Germán Arciniegas - Villavicencio | Biblioteca Pública Germán Arciniegas - Villavicencio | 02/25/2016 | 891.593 K66c | 29730 | 02/25/2016 | Ej. 1 | 02/25/2016 | LIbro |